Antecedentes técnicos y ecónomicos para la producción de avellano europeo en la Region de Maule
Shranjeno v:
| Main Authors: | , |
|---|---|
| Korporativna značnica: | |
| Format: | Knjiga |
| Jezik: | španščina |
| Izdano: |
Santiago
Publicaciones CIREN
2013
|
| Izdaja: | 1a. ed |
| Teme: | |
| Oznake: |
Označite
Brez oznak, prvi označite!
|
MARC
| LEADER | 00000cam a2200000 a 4500 | ||
|---|---|---|---|
| 001 | UCE3228 | ||
| 003 | CL-VaPUC | ||
| 008 | 140821e20130000cl |||||||||||||||||spa|d | ||
| 020 | |a 9789567153961 | ||
| 082 | 0 | 4 | |a 634.54 |b CAZ |2 21 |
| 100 | 0 | |a Cazanga Solar, Rodrigo |e author |9 575753 | |
| 700 | 0 | |a Leiva Madrid, Carolina |e author |9 575754 | |
| 110 | 2 | |a Centro de Información de Recursos Naturales |e author |9 575755 | |
| 245 | 1 | 0 | |a Antecedentes técnicos y ecónomicos para la producción de avellano europeo en la Region de Maule |
| 250 | |a 1a. ed | ||
| 300 | |a 41 p | ||
| 942 | |c BK | ||
| 945 | |d 20140821 14:35:00 |a arojas | ||
| 260 | |a Santiago |b Publicaciones CIREN |c 2013 | ||
| 650 | 7 | |a AVELLANO |2 CL-VaPUC |9 402807 | |
| 650 | 0 | |a Producción vegetal |9 460687 | |
| 650 | 7 | |a AVELLANO EUROPEO |2 CL-VaPUC |9 550278 | |
| 651 | 7 | |a MAULE |2 CL-VaPUC |9 448501 | |
| 583 | |a last modification |c 20140821 14:35:00 |k Rodrigo Vera | ||
| 999 | |c 356651 |d 356649 | ||
| 952 | |0 0 |1 0 |3 erb |4 0 |6 634_540000000000000_CAZ_2013 |7 0 |8 A |9 464109 |a BIBAGR |b BIBAGR |i 5096111 |l 1 |o 634.54 CAZ 2013 |p 5096111 |r 2024-01-30 |s 2022-03-29 |w 2019-11-23 |y BK |z Catalogado en:20140821 |k AGR | ||
| 952 | |0 0 |1 0 |3 erb |4 0 |6 634_540000000000000_CAZ_2013 |7 0 |8 A |9 464110 |a BIBAGR |b BIBAGR |i 509612K |o 634.54 CAZ 2013 |p 509612K |r 2025-01-20 |w 2019-11-23 |y BK |z Catalogado en:20140821 |k AGR | ||